02238cam a2200313 i 45000010009000000050017000090080041000260200031000670200028000980350020001260400023001460820020001691000024001892450071002132600065002843000021003495040051003705050701004215200500011226500035016226500029016576500029016866530022017156550024017377000020017619420008017819990017017899520118018061814355120201128021222.0140506t20142014flua b 001 0 eng  a9781482227697 (alk. paper) a148222769X (alk. paper) a(DNLM)101631998 aDNLM/DLCcDLCdDLC00a610.28222bCHE1 aChen, Qizhi,d1963-10aBiomaterials :ba basic introduction /cQizhi Chen, George Thouas. aBoca Raton, FL :bCRC Press, Taylor & Francis Group,cc.2015 a706 p. ;c26 cm. aIncludes bibliographical references and index.0 a(Bio)materials science and engineering -- Toxicity & corrosion -- Mechanical properties of biomaterials -- Metallic biomaterials in orthopaedic implants -- Metallic biomaterials : miscellaneous others -- Bioinert ceramics -- Bioactive and bioresorbable ceramics -- Polymeric biomaterials : fundamentals -- Bioinert polymers -- Bioresorbable polymers -- Medicine and medical science -- Anatomy & human disorders I -- Anatomy & human disorders II -- Anatomy & human disorders III -- Cells and biomolecules -- Histology and tissue properties I -- Histology and tissue properties II -- The immune system & body responses to biomaterials -- Evaluation of biomaterials -- Regulation of medical devices. a"Biomaterials is a multidisciplinary subject, involving materials science, engineering, cell biology, and medicine. This textbook therefore provides an appropriate balance between depth and broadness of coverage, sufficient to enable understanding of the most important concepts and principles at the right level by students from a wide academic spectrum. This project has been developed from extensive lecture notes created by Dr. Chen in the teaching of biomaterial at Monach U, since 2008."--12aBiocompatible Materials.9300722aBioengineeringxmethods.22aProstheses and Implants. bENGGENcMarch2015 vreading book9342321 aThouas, George, 2ddc c19024d18996 00102ddc40708BaccahaMAINbMAINc1STd2015-03-14epurchasel0o610.28 CHEp000037565r2025-07-15 00:00:00yBB